Pays par deux lettres consécutives - Statistiques

Statistiques générales
  • Ce quiz a été pris 374 fois
  • Le résultat moyen est 190 sur 196
Réponses sur la Carte
Les réponses sont colorées sur une échelle allant du rouge au vert en fonction du pourcentage des utilisateurs qui les ont devinées à leur premier essai. Vous pouvez retrouver ces pourcentages ci-dessous.
 
Statistiques - réponses
% Correct
Albanie
100%
Algérie
100%
Allemagne
100%
Australie
100%
Guatemala
100%
Guinée Équatoriale
100%
Îles Marshall
100%
Italie
100%
Lettonie
100%
Mali
100%
Malte
100%
Népal
100%
Nouvelle-Zélande
100%
Palaos
100%
Papouasie-Nouvelle-Guinée
100%
Portugal
100%
Salomon
100%
Sénégal
100%
Sierra Leone
100%
Somalie
100%
Tuvalu
100%
Afghanistan
99%
Afrique du Sud
99%
Antigua-et-Barbuda
99%
Arabie Saoudite
99%
Argentine
99%
Arménie
99%
Bangladesh
99%
Bélarus
99%
Belize
99%
Brésil
99%
Cameroun
99%
Canada
99%
Comores
99%
Corée du Nord
99%
Corée du Sud
99%
Côte d'Ivoire
99%
Danemark
99%
Émirats Arabes Unis
99%
États-Unis
99%
Finlande
99%
Guinée-Bissau
99%
Islande
99%
Japon
99%
Kazakhstan
99%
Lituanie
99%
Macédoine du Nord
99%
Malaisie
99%
Malawi
99%
Maldives
99%
Mauritanie
99%
Norvège
99%
Ouganda
99%
Ouzbékistan
99%
Pakistan
99%
Panama
99%
Philippines
99%
République Centrafricaine
99%
République Tchèque
99%
Roumanie
99%
Royaume-Uni
99%
Saint Christophe et Niévès
99%
Saint-Vincent-et-les Grenadines
99%
Salvador
99%
Sao Tomé-et-Principe
99%
Seychelles
99%
Soudan du Sud
99%
Timor-Leste
99%
Trinité-et-Tobago
99%
Turkménistan
99%
Vanuatu
99%
Autriche
98%
Azerbaïdjan
98%
Bahreïn
98%
Belgique
98%
Bhoutan
98%
Bolivie
98%
Bosnie-Herzégovine
98%
Bulgarie
98%
Burkina Faso
98%
Cambodge
98%
Chili
98%
Chine
98%
Chypre
98%
Colombie
98%
Costa Rica
98%
Espagne
98%
Estonie
98%
Eswatini
98%
France
98%
Guinée
98%
Guyana
98%
Île Maurice
98%
Indonésie
98%
Iran
98%
Irlande
98%
Jordanie
98%
Kirghizistan
98%
Lesotho
98%
Liban
98%
Libéria
98%
Liechtenstein
98%
Madagascar
98%
Maroc
98%
Micronésie
98%
Monaco
98%
Mongolie
98%
Monténégro
98%
Myanmar
98%
Nauru
98%
Nicaragua
98%
Paraguay
98%
Pays-Bas
98%
République Démocratique du Congo
98%
République Dominicaine
98%
République du Congo
98%
Russie
98%
Sainte-Lucie
98%
Saint-Marin
98%
Singapour
98%
Soudan
98%
Sri Lanka
98%
Suriname
98%
Tadjikistan
98%
Tanzanie
98%
Tchad
98%
Thaïlande
98%
Tunisie
98%
Turquie
98%
Vatican
98%
Bahamas
97%
Barbade
97%
Bénin
97%
Botswana
97%
Brunéi
97%
Cap-vert
97%
Dominique
97%
Éthiopie
97%
Grenade
97%
Inde
97%
Jamaïque
97%
Kiribati
97%
Libye
97%
Luxembourg
97%
Mexique
97%
Moldavie
97%
Mozambique
97%
Oman
97%
Pologne
97%
Samoa
97%
Suède
97%
Suisse
97%
Ukraine
97%
Uruguay
97%
Venezuela
97%
Viet Nam
97%
Yémen
97%
Angola
96%
Burundi
96%
Ghana
96%
Pérou
96%
Rwanda
96%
Slovénie
96%
Taïwan
96%
Croatie
95%
Djibouti
95%
Grèce
95%
Hongrie
95%
Irak
95%
Nigéria
95%
Qatar
95%
Équateur
94%
Andorre
93%
Égypte
93%
Honduras
93%
Israël
93%
Niger
93%
Slovaquie
93%
Cuba
92%
Érythrée
92%
Gabon
92%
Namibie
92%
Haïti
91%
Serbie
91%
Zambie
91%
Zimbabwe
91%
Laos
89%
Kosovo
88%
Tonga
87%
Fidji
85%
Koweït
85%
Gambie
84%
Géorgie
84%
Kenya
84%
Syrie
82%
Togo
81%
Aucun quiz correspondant
Distribution des résultats
% des personnes avec chaque résultat
Percentile par nombre de réponses
Votre historique - résultats
Vous n’avez pas pris ce quiz